Antworten mit gleichem Anfangs- und Endbuchstaben: F – G - Statistiken

Allgemein
  • Dieses Quiz wurde 311 mal gespielt
  • Das Durchschnittsergebnis liegt bei 20 aus 43
Antwortstatistiken
Hinweis Antwort % Korrekt
einstellige Zahl fünf
99%
wo die Verstorbenen liegen Friedhof
90%
ausreichend genug
77%
olympische Sportart: Moderner ... Fünfkampf
73%
preiswert günstig
73%
knauserig, übertrieben sparsam geizig
70%
habsüchtig, unersättlich gierig
67%
Gefäß für Tierfutter Fressnapf/Futternapf
66%
toxisch, gesundheitsschädlich giftig
66%
Aggregatzustand gasförmig
65%
Erfinder des modernen Buchdrucks: Johannes ... Gutenberg
65%
kleine Figur, die bei vielen Menschen zu Dekorationszwecken im Freien steht (oft mit roter Zipfelmütze) Gartenzwerg
63%
Witz Gag
60%
Vorname von Büchner, Elser, Gänswein, Hackl, Thomalla Georg
57%
mit diesem Gerät kann man Würste und Gehacktes, aber auch Nudeln, Brotaufstriche und vieles mehr herstellen Fleischwolf
54%
gibt es beim Basketball nach bestimmten Arten von Fouls Freiwurf
54%
jung, aber weiter entwickelt als die meisten Altersgenossen frühreif
54%
die zweitgrößte Stadt Schwedens Göteborg
54%
eine olympische Tradition, die oft schon mehrere Monate vor Beginn der Spiele beginnt und bei der Eröffnungsfeier endet Fackellauf
53%
umgangssprachliche, teilweise abfällige Bezeichnung für Salate und essbare Kräuter Grünzeug
49%
Wasserfahrzeug, das zum Transport von Gütern dient (12 Buchstaben) Frachtschiff
48%
schlechte Investition Fehl(ein)kauf
44%
Spitzname für die Fußballmannschaft von Borussia Mönchengladbach Fohlenelf
44%
er leitet den Schall von der Ohrmuschel zum Trommelfell Gehörgang
43%
spektakulär, wie aus Hollywood (8 Buchstaben) filmreif
42%
Schlaginstrument mit einer freischwingenden Metallplatte Gong
42%
Trennung von Legislative, Exekutive und Judikative im Staat Gewaltenteilung
41%
2 hoch 9 (ausnahmsweise auch als Zahl schreibbar) fünfhundertzwölf
39%
Art, Sorte Gattung
38%
Straf- und Arbeitslager in der Sowjetunion Gulag
37%
gerade noch zu tolerieren, an der Schwelle zum Unerlaubten/Unerträglichen grenzwertig
36%
Wiegenfest Geburtstag
35%
innere Befriedigung; Wiedergutmachung Genugtuung
34%
Vergleich; polizeiliche Maßnahme zur Identifikation eines Straftäters Gegenüberstellung
25%
norwegischer Komponist und Pianist (1843 - 1907): Edvard ... Grieg
25%
scherzhafte Bezeichnung für einen Menschen aus Norddeutschland Fischkopf
21%
Kleinstadt in Pennsylvania, weltberühmt als Schauplatz einer Schlacht im Amerikanischen Bürgerkrieg (1863) Gettysburg
21%
z. B. Zange oder Pinzette Greifwerkzeug
19%
FCKW ausgeschrieben Fluorchlorkohlenwasserstoff
15%
Kreisstadt in Bayern (8 Buchstaben) Günzburg
13%
letzte Oper von Guiseppe Verdi Falstaff
6%
reziprok gegenseitig
4%
wird in der Wissenschaft auch als "Konformitätsdruck" bezeichnet Gruppenzwang
4%
Keine übereinstimmenden Quizze gefunden
Verteilung der Resultate
Anzahl Personen mit jedem Resultat
Perzentil nach korrekt beantworteten Fragen
Ihre Resultats-Entwicklung
Sie haben dieses Quiz noch nicht gespielt